000 00277nam a2200121 a 4500
008 100917s1980|||| d
100 1 _aDvořáková, Helena
245 1 0 _aZimné búrky
260 _bSmena
_aBratislava
_c1980
020 _c16
044 _axo
_cSK
041 _aslo
999 _c10455
_d10455